000 00594nam a22001817a 4500
999 _c178456
_d178456
005 20210331125028.0
010 _aENG-129355
020 _a978-93-5388-544-1
_c495.00
035 _aEN-112887
037 _bDBAD/PUB
082 _a320.850954
100 _aSen, Mamta Chitnis
245 _aRealPolitik: Exposing India's Political System/
_cMamta Chitnis Sen
260 _aNew Delhi
_bSage Publication India
_c2020
270 _aB1/1-1 Mohan Cooperative Industrial Area Mathura Road
_bNew Delhi
_e110044
300 _axi+204p.
_c22cm(pbk)
942 _2ddc
_cEN
_h320.850954
_mSEN